LEADER 00900nam0-22003131i-450- 001 990001315060403321 010 $a88-386-0254-9 035 $a000131506 035 $aFED01000131506 035 $a(Aleph)000131506FED01 035 $a000131506 100 $a20000920d1992----km-y0itay50------ba 101 0 $aeng 200 1 $aCome usare MS-DOS 5 e DOS Shell$fCarl Townsend. 210 $aMilano$cMcGraw-Hill Libri Italia$d1992. 215 $aX, 137 p.$d24 cm 225 1 $aMicrosoft Press$v2549 . 610 0 $aSistemi operativi$aMs-dos 5. - manuali 610 0 $aSistemi operativi$aMs-dos shell - manuali 676 $a005.43 700 1$aTownsend,$bCarl$034744 801 0$aIT$bUNINA$gRICA$2UNIMARC 901 $aBK 912 $a990001315060403321 952 $a170-A-21$b9328$fMA1 959 $aMA1 996 $aCome usare MS-DOS 5 e DOS Shell$9382670 997 $aUNINA DB $aING01 LEADER 01168nam--2200349---450- 001 990005797840203316 005 20130121090819.0 010 $a978-88-900691-7-8 035 $a000579784 035 $aUSA01000579784 035 $a(ALEPH)000579784USA01 035 $a000579784 100 $a20130121d2012----km-y0itay50------ba 101 0 $aita 102 $aIT 105 $aa---||||001yy 200 1 $aMaderna e l?Italia musicale degli anni ?40$eatti dell?Incontro di studio, Auditorium Italo Montemezzi, Conservatorio E. F. Dall'Abaco, Verona, 10 ottobre 2009$fa cura di Gabriele Bonomo e Fabio Zannoni 210 $aMilano$cSuvini Zerboni$d2012 215 $a163 p.$cill.$d24 cm 606 0 $aMusicologia$2BNCF 676 $a780.72 702 1$aBONOMO,$bGabriele 702 1$aZANNONI,$bFabio 801 0$aIT$bsalbc$gISBD 912 $a990005797840203316 951 $aXIII.3.D. 542$b8156 L.G.$cXIII.3.D.$d00313169 959 $aBK 969 $aUMA 979 $aPASSARO$b90$c20130121$lUSA01$h0906 979 $aPASSARO$b90$c20130121$lUSA01$h0908 996 $aMaderna e l?Italia musicale degli anni ?40$91080467 997 $aUNISA LEADER 01016cam0-22003371i-450 001 990004808200403321 005 20210531143101.0 035 $a000480820 035 $aFED01000480820 035 $a(Aleph)000480820FED01 035 $a000480820 100 $a19990604d1958----km-y0itay50------ba 101 0 $aita 102 $aIT 105 $a----a---001yy 200 1 $aBibliografia della critica ariostea$e(1510-1956)$fGiuseppe Fatini 210 $aFirenze$cLe Monnier$d1958 215 $aXV, 722 p.$d29 cm 300 $aSul front.: Istituto nazionale di studi sul Rinascimento 610 0 $aAriosto, Ludovico$aBibliografia$a1510-1956 676 $a016.8512 700 1$aFatini,$bGiuseppe$0179579 801 0$aIT$bUNINA$gRICA$2UNIMARC 901 $aBK 912 $a990004808200403321 952 $a3/VII G 6$bBibl. 30827$fFLFBC 952 $a3/VII GG 6$bBibl. 30827$fFLFBC 952 $a016.8512 FAT 1$fFLFBC 959 $aFLFBC 996 $aBibliografia della critica ariostea$9157789 997 $aUNINA